000 00247 a2200097 4500
001 32267
090 _c21658
_d21658
100 _aStinton Darrol
245 _aFlying qualities and flight testing of the Aeroplane
260 _aLondon
_bBlack Well Science
_c1996
942 _aNUST-CAE
999 _c267340
_d267340